155 rokov narodenia G. Reussa

Bibliographic Details
Main Author: Junas, Ján, 1925-2002 (Author)
Format: Article
Language:Slovak
Subjects:

MARC

LEADER 00000nab a2200000 a 4500
001 vtls001003329
003 SK-MaSNL
005 20260303040928.0
008 040720e19730122xo 0 slo
035 |a RV3929 
040 |a RVGKPD  |b slo  |c RVGKPD  |e AACR2 
041 0 |a slo 
044 |a xo  |c SK 
080 |a 885.4-051  |2 1981 
100 1 |a Junas, Ján,  |d 1925-2002  |4 aut  |9 13563 
245 1 0 |a 155 rokov narodenia G. Reussa 
545 |a Reuss, Gustáv Maurícius, 1818-1861  |b Lekár, botanik, historik, etnograf. Narodil sa a zomrel v Revúcej. 
600 1 7 |a Reuss, Gustáv,  |d 1818-1861  |2 RVGKPD  |9 118345 
651 7 |a Revúca (Slovensko)  |2 RVGKPD  |9 31503 
651 7 |a Rožňava (Slovensko)  |2 RVGKPD  |9 17394 
773 0 8 |t Matičné čítanie  |g Roč. 6, č.2, 22.1.1973, s. [8] 
852 |a ZVYKNI  |b KIS3GCP 
999 |c 1684331  |d 1686261